[Event "12th Condom Open"]
[Site "Condom FRA"]
[Date "2013.07.14"]
[Round "2.10"]
[White "Marty,Brice"]
[Black "Daulyte,D"]
[Result "1/2-1/2"]
[WhiteElo "2084"]
[BlackElo "2363"]

1.d4 Nf6 2.c4 g6 3.Nc3 Bg7 4.e4 d6 5.Nf3 O-O 6.Be2 Nbd7 7.O-O e5 8.Qc2 c6
9.Rd1 Qe7 10.d5 c5 11.Ne1 Ne8 12.Bd3 Ndf6 13.g3 Kh8 14.Ng2 Ng4 15.f3 Nh6
16.Nh4 Ng8 17.Bd2 Bh6 18.Re1 Ng7 19.Bxh6 Nxh6 20.Qd2 Ng8 21.Ng2 Bh3 22.Re2 Rae8
23.a3 Qd8 24.b4 cxb4 25.axb4 Qb6+ 26.Qe3 Qxb4 27.Nb5 Ra8 28.Rxa7 Rxa7 29.Qxa7 f5
30.Qa3 Qxa3 31.Nxa3 fxe4 32.Bxe4 Bd7 33.Rb2 Rb8 34.Rb6 Ne8 35.c5  1/2-1/2

[Event "Universiade Women"]
[Site "Kazan RUS"]
[Date "2013.07.14"]
[Round "8.5"]
[White "Arabidze,M"]
[Black "Savina,A"]
[Result "1/2-1/2"]
[WhiteElo "2320"]
[BlackElo "2368"]

1.d4 Nf6 2.c4 g6 3.Nc3 Bg7 4.e4 d6 5.Nf3 O-O 6.Be2 e5 7.O-O Nbd7 8.Be3 Re8
9.d5 Nh5 10.Qd2 Nf4 11.Bd1 a5 12.Bxf4 exf4 13.Qxf4 Nc5 14.Bc2 a4 15.a3 Bd7
16.Rfe1 Qe7 17.Re2 Qf6 18.Qe3 Bg4 19.Nb5 Bxf3 20.Qxf3 Qxf3 21.gxf3 Re7 22.Rb1 Be5
23.Rd2 Bf4 24.Rdd1 Kg7 25.Nc3 Kf6 26.Kh1 Ke5 27.Rg1 h5 28.Rgd1 Bh6 29.Kg2 Bf4
30.Ne2 Ree8 31.Rg1 Ra5 32.Rbd1 b5 33.Nd4 Kf6 34.Nxb5 Rxb5 35.cxb5 Rb8 36.Bd3 Be5
37.Rd2 Bf4 38.e5+ Bxe5 39.Bc4 g5 40.Re2 g4 41.Rge1 gxf3+ 42.Kxf3 Rg8 43.h3 Nd7
44.Rc2 Bd4 45.Rd1 Bb6 46.b3 Ne5+ 47.Ke2 Rg2 48.Rf1 Rh2 49.bxa4 Rxh3 50.a5 Bxa5
51.a4 Ra3 52.b6 Bxb6 53.Bb5 Nf3 54.Rd1 Nd4+ 55.Rxd4 Bxd4 56.Rxc7 h4 57.Be8 Ke5
58.Rxf7 Kxd5 59.Rh7 h3 60.Bd7  1/2-1/2

[Event "12th Condom Open"]
[Site "Condom FRA"]
[Date "2013.07.15"]
[Round "4.3"]
[White "Favarel,J"]
[Black "Cornette,M"]
[Result "0-1"]
[WhiteElo "2321"]
[BlackElo "2578"]

1.d4 Nf6 2.c4 g6 3.Nc3 Bg7 4.e4 d6 5.Be2 O-O 6.Nf3 Nbd7 7.O-O e5 8.Be3 Qe7
9.Qc2 h6 10.Rad1 c6 11.d5 c5 12.Ne1 Nb6 13.b3 Ng4 14.Bc1 h5 15.h3 Nh6 16.f4 f5
17.Nf3 fxe4 18.Qxe4 Bf5 19.Qe3 Bc2 20.Rde1 e4 21.Qd2 exf3 22.Bxf3 Bd4+ 23.Kh1 Qg7
24.Nb5 Bf5 25.Nxd4 Qxd4 26.Qxd4 cxd4 27.Re7 Rf7  0-1

[Event "2nd Ideon Andron Open 2013"]
[Site "Anogia GRE"]
[Date "2013.07.16"]
[Round "8.2"]
[White "Lekic,Du"]
[Black "Antic,De"]
[Result "0-1"]
[WhiteElo "2430"]
[BlackElo "2470"]

1.d4 Nf6 2.c4 g6 3.Nc3 Bg7 4.e4 d6 5.Nf3 O-O 6.Be2 e5 7.O-O exd4 8.Nxd4 Re8
9.f3 c6 10.Kh1 Nh5 11.g4 Nf6 12.Be3 a6 13.Qd2 b5 14.Nc2 Be6 15.Rad1 bxc4
16.Qxd6 Nfd7 17.f4 Qh4 18.Bf2 Qh3 19.Rg1 Bxc3 20.bxc3 Nf6 21.Rg3 Qh4 22.Bf3 Bxg4
23.Kg1 Bxf3 24.Rxg6+ hxg6 25.Bxh4 Nxe4 26.Qd4 Bxd1 27.Qxd1 Nxc3 28.Qg4 Ra7
29.f5 Re4 30.Qg5 Rd7 31.Bg3 Ne2+ 32.Kf2 Nxg3 33.Qxg3 Rd2+ 34.Kf1 Rd1+ 35.Kf2 Rd2+
36.Kf1 Rxc2 37.fxg6 Nd7 38.Qg5 Rxa2 39.gxf7+ Kxf7 40.Qh5+ Kf6 41.Qh8+ Kf5
42.Qh5+ Kf4 43.Qh4+ Ke3 44.Qh3+ Kd4 45.Qxd7+ Kc3 46.Qxc6 Rf4+ 47.Ke1 Rff2
48.Qc5 Rfe2+ 49.Kf1 Red2 50.Qe5+ Kb3 51.Qe3+ c3 52.Qb6+ Kc2 53.Qg6+ Kc1  0-1

[Event "7th LCT 2013"]
[Site "Leiden NED"]
[Date "2013.07.16"]
[Round "5.15"]
[White "Asefi,Z"]
[Black "Wiersma,E"]
[Result "0-1"]
[WhiteElo "2078"]
[BlackElo "2374"]

1.d4 Nf6 2.c4 g6 3.Nc3 Bg7 4.e4 d6 5.Nf3 O-O 6.Be2 e5 7.O-O exd4 8.Nxd4 Re8
9.f3 Nc6 10.Nxc6 bxc6 11.Bg5 h6 12.Bh4 Rb8 13.Qc2 g5 14.Bf2 c5 15.Rfd1 Qe7
16.Rab1 Be6 17.Bf1 Nh5 18.Kh1 Be5 19.Nd5 Bxd5 20.exd5 Qf6 21.b4 Rxb4 22.Rxb4 cxb4
23.Bxa7 Qf4 24.Bg1 Qh4 25.g4 Ng3+ 26.Kg2 Nxf1 27.Rxf1 h5 28.Qf5 Bxh2 29.Bd4 Bf4  0-1

[Event "28th Gniot Mem 2013"]
[Site "Police POL"]
[Date "2013.07.16"]
[Round "7.2"]
[White "Urban,K"]
[Black "Malisauskas,V"]
[Result "0-1"]
[WhiteElo "2462"]
[BlackElo "2450"]

1.Nf3 Nf6 2.c4 g6 3.Nc3 Bg7 4.e4 d6 5.d4 O-O 6.Be2 e5 7.O-O Na6 8.Re1 Qe8
9.Bf1 Bg4 10.d5 Nh5 11.g3 h6 12.Be2 f5 13.Nh4 Bxe2 14.Qxe2 Qf7 15.f3 f4 16.g4 Bf6
17.Ng2 Ng7 18.h4 Qe7 19.Qf2 Nc5 20.Rd1 a5 21.Bd2 c6 22.Be1 Rfd8 23.Qe2 Ne8
24.Bf2 Nc7 25.Rd2 cxd5 26.exd5 N7a6 27.Ne4 Rac8 28.Re1 g5 29.h5 Re8 30.b3 Nxe4
31.Qxe4 Qh7 32.Qxh7+ Kxh7 33.Re4 Nc5 34.Bxc5 Rxc5 35.Ne1 Bd8 36.Nd3 Rc8 37.c5 Bc7
38.Kf1 dxc5 39.Nxc5 b6 40.Nd3 Bd6 41.Ke2 Kg7 42.Rd1 Rc2+ 43.Rd2 Rc3 44.Nf2 b5
45.Nd1 Rc1 46.a4 bxa4 47.bxa4 Rb8 48.Nf2 Kf6 49.Nd3 Rc3 50.Nf2 Rbc8 51.Nd3 Rb3
52.Nf2 Rcc3 53.Kd1 Ke7 54.Rc2 Rb1+ 55.Kd2 Rxf3 56.Nd3 Rg3 57.Rc6 Ra1 58.Nxe5 Ra2+
59.Rc2 Rg2+ 60.Kd3 Raxc2  0-1

[Event "43rd Nat Jun ch-IND U19"]
[Site "Lucknow IND"]
[Date "2013.07.17"]
[Round "10.10"]
[White "Vasantha Ruba,V"]
[Black "Vignesh,NR"]
[Result "1/2-1/2"]
[WhiteElo "2055"]
[BlackElo "2281"]

1.Nf3 Nf6 2.c4 g6 3.Nc3 Bg7 4.e4 d6 5.d4 O-O 6.Be2 e5 7.dxe5 dxe5 8.Qxd8 Rxd8
9.Bg5 Re8 10.Rd1 h6 11.Bh4 Na6 12.O-O c6 13.Nxe5 Rxe5 14.Rd8+ Kh7 15.f4 Ra5
16.e5 Nd7 17.Be7 Ndc5 18.Bg4 Bxg4 19.Rxa8 Nb4 20.Rxa7 Rxa7 21.Bxc5 b6 22.Bxb4 c5
23.Nb5 Ra4 24.Bc3 Rxc4 25.Nd6 Ra4 26.Nxf7 Rxa2 27.Re1 Ra7 28.Nd6 Be6 29.Ne4 Kg8
30.Rd1 Ra4 31.Rd8+ Bf8 32.Nf6+ Kf7 33.g3 b5 34.Rb8 b4 35.Rb7+ Be7 36.Bd2  1/2-1/2

[Event "50th Canadian Open 2013"]
[Site "Ottawa CAN"]
[Date "2013.07.17"]
[Round "6"]
[White "Gerzhoy,L"]
[Black "Kiewra,K"]
[Result "1-0"]
[WhiteElo "2462"]
[BlackElo "2422"]

1.d4 Nf6 2.c4 g6 3.Nc3 Bg7 4.e4 d6 5.Be2 O-O 6.Nf3 e5 7.O-O Na6 8.Re1 c6
9.d5 Nc5 10.Qc2 a5 11.Bg5 h6 12.Be3 cxd5 13.cxd5 b6 14.Nd2 Bd7 15.Bb5 Rb8
16.a4 Nh5 17.Bxc5 bxc5 18.Bxd7 Qxd7 19.Nc4 Nf4 20.Nxa5 h5 21.Nc6 Ra8 22.Ne2 Qg4
23.Nxf4 exf4 24.f3 Qh4 25.a5 Ra6 26.Rab1 Rfa8 27.Qf2 Qg5 28.h4 Qf6 29.e5 dxe5
30.Qxc5 Bf8 31.Qc4 Rxa5 32.Nxa5 Rxa5 33.b4 Ra4 34.Qc6  1-0

[Event "Czech Open G1 Rapid 2013"]
[Site "Pardubice CZE"]
[Date "2013.07.17"]
[Round "2.21"]
[White "Lalic,B"]
[Black "Matrahalmi,T"]
[Result "1-0"]
[WhiteElo "2489"]
[BlackElo "2308"]

1.d4 Nf6 2.c4 g6 3.Nc3 Bg7 4.e4 d6 5.Nf3 O-O 6.Be2 e5 7.Be3 Ng4 8.Bg5 f6
9.Bh4 g5 10.Bg3 Nh6 11.c5 g4 12.Nh4 dxc5 13.dxe5 fxe5 14.Qb3+ Kh8 15.Rd1 Qg5
16.Nd5 Nc6 17.Nxc7 Rb8 18.Qe3 Qe7 19.Nd5 Qd6 20.O-O Nd4 21.f4 Be6 22.fxe5 Nxe2+
23.Qxe2 Bxe5 24.Nf4 Bd4+ 25.Kh1 Qb6 26.Nxe6 Qxe6 27.Bxb8 Rxb8 28.b4 b6 29.bxc5 bxc5
30.Nf5 Nxf5 31.Rxf5 Qg6 32.Rdf1 Rb2 33.Qc4 g3 34.Rf8+  1-0

[Event "10th South Wales Int 2013"]
[Site "Penarth WLS"]
[Date "2013.07.17"]
[Round "7.12"]
[White "Brown,Th"]
[Black "Freeland,Alex"]
[Result "1-0"]
[WhiteElo "2106"]
[BlackElo "1844"]

1.d4 Nf6 2.c4 g6 3.Nc3 Bg7 4.e4 d6 5.Nf3 O-O 6.Be2 e5 7.O-O exd4 8.Nxd4 Nbd7
9.Bg5 Re8 10.f4 h6 11.Bh4 Nc5 12.Bf3 g5 13.fxg5 Nfxe4 14.Nxe4 Nxe4 15.Bxe4 Rxe4
16.Nf3 Bg4 17.gxh6 Qxh4 18.hxg7 Qh5 19.h3 Bxf3 20.Qxf3 Qxf3 21.Rxf3 Rxc4
22.Raf1 Kxg7 23.Rxf7+ Kg8 24.R7f3 Re8 25.Rg3+ Kh8 26.b3 Rce4 27.Rf7 Re1+
28.Kh2 R8e7 29.Rgg7 Rxf7 30.Rxf7 Rc1 31.h4 d5 32.Rd7 Rc2 33.Rxd5 Rxa2 34.Rd8+ Kg7
35.Rd7+ Kh6 36.Rxc7 b5 37.Rc6+ Kh7 38.Kh3 Ra3 39.g3 b4 40.Rc7+ Kh8 41.Rb7 a5
42.Rb5 Rxb3 43.Rxa5 Rb1 44.Rb5 b3 45.Rb7 b2 46.Kg2 Kg8 47.h5 Kh8 48.g4 Kg8
49.Kh2 Kh8 50.g5 Kg8 51.h6 Rc1 52.Rxb2 Rc5 53.Rg2 Rb5 54.Kh3 Kh7 55.Kg4 Rb4+
56.Kh5 Rb5 57.Ra2 Kh8 58.Ra6 Rc5 59.Kg6 Rc8 60.Ra5 Rg8+ 61.Kh5 Rb8 62.g6 Kg8
63.Kg5 Kh8 64.Re5 Ra8 65.Kf6 Ra6+ 66.Re6 Ra8 67.Kf7 Rf8+ 68.Ke7 Ra8 69.Rd6  1-0

[Event "113th ch-SUI 2013"]
[Site "Graechen SUI"]
[Date "2013.07.18"]
[Round "8.17"]
[White "Wirz,H"]
[Black "Sierra,Robin"]
[Result "1-0"]
[WhiteElo "2154"]
[BlackElo "1805"]

1.d4 Nf6 2.Nf3 g6 3.c4 Bg7 4.Nc3 O-O 5.e4 d6 6.Be2 e5 7.d5 Nbd7 8.O-O Nc5
9.Qc2 a5 10.Bg5 h6 11.Bh4 g5 12.Bg3 Ne8 13.Nd2 f5 14.exf5 Bxf5 15.Nde4 Bxe4
16.Nxe4 Nxe4 17.Qxe4 Nf6 18.Qc2 Nd7 19.Bg4 Nc5 20.f3 Qf6 21.Bf2 b6 22.b3 Kh8
23.Rae1 Rg8 24.a3 Nb7 25.b4 axb4 26.axb4 Ra3 27.c5 bxc5 28.bxc5 Rga8 29.cxd6 cxd6
30.Rb1 Nd8 31.h3 Qf7 32.Rb6 Qxd5 33.Qg6 Qf7 34.Rxd6 Qxg6 35.Rxg6 R3a6 36.Rxa6 Rxa6
37.Rd1 Bf6 38.Rd7 Ra1+ 39.Kh2 Rb1 40.Bf5 Rb7 41.Rd6 Kg7 42.Be4 Rb4 43.Rd7+ Kf8  1-0

[Event "113th ch-SUI 2013"]
[Site "Graechen SUI"]
[Date "2013.07.18"]
[Round "8.4"]
[White "Simon,Ra"]
[Black "Gerber,R"]
[Result "1-0"]
[WhiteElo "2155"]
[BlackElo "2416"]

1.Nf3 g6 2.d4 Nf6 3.c4 Bg7 4.Nc3 O-O 5.e4 d6 6.Be2 Nbd7 7.O-O e5 8.Be3 Ng4
9.Bg5 f6 10.Bd2 c6 11.dxe5 dxe5 12.b4 Nh6 13.c5 Qe7 14.Qb3+ Nf7 15.Bc4 Rd8
16.Rad1 Nf8 17.h3 Be6 18.Be3 Bxc4 19.Qxc4 Qe6 20.Qe2 Qe8 21.Qc4 Ne6 22.a4 Kh8
23.Ne2 Bf8 24.Nc1 a5 25.Rxd8 Nfxd8 26.b5 cxb5 27.axb5 Nxc5 28.Bxc5 Rc8 29.Nd3 b6
30.Qd5 Bxc5 31.Rd1 Nf7 32.Nxc5 Rxc5 33.Qb7 Qe6 34.Rd7 Kg7 35.Re7 Qa2 36.Qxb6 Rc1+
37.Kh2 a4 38.Qa7 a3 39.b6 Qb3 40.Nd2 Qa2 41.b7 Qxd2 42.Rxf7+ Kh6 43.b8=Q Qf4+
44.g3  1-0

[Event "Czech Open G1 Rapid 2013"]
[Site "Pardubice CZE"]
[Date "2013.07.18"]
[Round "4.31"]
[White "Kholopov,A"]
[Black "Kovalev,An"]
[Result "0-1"]
[WhiteElo "2310"]
[BlackElo "2470"]

1.d4 Nf6 2.c4 d6 3.Nc3 Nbd7 4.e4 e5 5.Nf3 g6 6.Be2 Bg7 7.O-O O-O 8.Re1 Re8
9.Bf1 a6 10.Rb1 c6 11.d5 Qc7 12.dxc6 bxc6 13.b4 Bb7 14.a4 Rad8 15.Qb3 Nf8
16.b5 Ne6 17.Be3 Nd7 18.bxc6 Bxc6 19.Nd5 Qc8 20.a5 Ndc5 21.Qc2 h6 22.h3 Kh7
23.Nd2 Nd4 24.Qa2 Qd7 25.Rb6 f5 26.exf5 gxf5 27.Qb1 e4 28.g3 Rc8 29.Kh2 Qf7
30.Qd1 Ba4 31.Qb1 Bc2 32.Qc1 Bd3 33.Rxd6 Bxf1 34.Rxf1 Nd3 35.Qd1 Be5 36.Rxh6+ Kg7
37.Qh5 Qxh5 38.Rxh5 Rf8 39.Ne7 Rce8 40.Bxd4 Rxe7 41.Bxe5+ Rxe5 42.g4 Kg6
43.Rxf5 Rfxf5 44.gxf5+ Kxf5 45.Nb3 Kf4 46.Kg2 Rg5+ 47.Kh2 Ne5 48.Nd4 Nf3+
49.Nxf3 Kxf3 50.h4 Rg2+ 51.Kh3 Rxf2 52.Rc1 e3 53.c5 e2 54.c6 Rf1  0-1

[Event "Czech Open G1 Rapid 2013"]
[Site "Pardubice CZE"]
[Date "2013.07.18"]
[Round "5.35"]
[White "Gergel,V"]
[Black "Belyakov,B"]
[Result "0-1"]
[WhiteElo "2229"]
[BlackElo "2430"]

1.d4 Nf6 2.c4 g6 3.Nc3 Bg7 4.e4 O-O 5.Be2 d6 6.Nf3 e5 7.d5 a5 8.O-O Na6 9.Bg5 h6
10.Bh4 g5 11.Bg3 Nh5 12.Nd2 Nf4 13.Rb1 Nc5 14.b3 f5 15.f3 Bd7 16.a3 b6 17.Bf2 g4
18.exf5 Bxf5 19.Nde4 Nxe2+ 20.Qxe2 gxf3 21.gxf3 Bh3 22.Rfd1 Qe8 23.Kh1 Qh5
24.Nd2 e4 25.Ncxe4 Nxe4 26.Nxe4 Qxf3+ 27.Qxf3 Rxf3 28.Bg3 Raf8 29.Kg1 Bd4+
30.Kh1 Bc5 31.Nxc5 bxc5 32.Rg1 Kh7 33.Rbe1 R8f7 34.Bh4 Rxb3 35.Re8 Rbf3 36.Re7 Rxe7
37.Bxe7 Bf1 38.Rg4 Rf7 39.Bd8 Be2 40.Rh4 Kg6 41.Kg2 Rd7 42.Kf2 Bh5  0-1

[Event "Czech Open G1 Rapid 2013"]
[Site "Pardubice CZE"]
[Date "2013.07.18"]
[Round "6.52"]
[White "Tappyrov,V"]
[Black "Shevchenko,T"]
[Result "1-0"]
[WhiteElo "2231"]
[BlackElo "2048"]

1.d4 Nf6 2.c4 g6 3.Nc3 Bg7 4.e4 d6 5.Be2 O-O 6.Nf3 Nbd7 7.O-O e5 8.Be3 h6
9.h3 c6 10.Qd2 Kh7 11.Rfd1 Qe7 12.dxe5 dxe5 13.Qd6 Qxd6 14.Rxd6 Ne8 15.Rd3 Nc7
16.Rad1 Nb6 17.Bc5 Re8 18.Bd6 Ne6 19.b3 Nd4 20.Bf1 Nxf3+ 21.Rxf3 f5 22.c5 fxe4
23.Re3 Nd5 24.Nxd5 cxd5 25.Bb5 d4 26.Rxe4 Bf5 27.Re2 Re6 28.g4 d3 29.Re3 e4
30.gxf5 gxf5 31.Rdxd3 Rg6+ 32.Kf1 exd3 33.Rxd3 Bf8 34.Rd5 Bxd6 35.cxd6 Rf6
36.d7 Rd8 37.Re5 a6 38.Re7+ Kg6 39.Bc4 b5 40.Bd5 Rd6 41.Be6 Kf6 42.Re8 R8xd7
43.Bxd7 Rxd7 44.Ra8 Rd6 45.Ke2 Kg5 46.Rg8+ Kh4 47.Rg3 f4 48.Rg4+ Kxh3 49.Rxf4 h5
50.Ke3 h4 51.Re4 Rg6 52.Kf3 Rf6+ 53.Ke3 Rg6 54.Kf3 Rf6+ 55.Ke2 Rc6 56.Kd2 Rh6
57.Ke2 Kg2 58.Rg4+ Kh2 59.f4 h3 60.f5 Rc6 61.Kf3 Rc3+ 62.Kf4 Rc1 63.f6 Rf1+
64.Ke5 Re1+ 65.Kd6 Rd1+ 66.Ke7 Re1+ 67.Kd7 Rd1+ 68.Kc6 Rg1 69.Rf4 Rc1+ 70.Kd6  1-0

[Event "Czech Open G1 Rapid 2013"]
[Site "Pardubice CZE"]
[Date "2013.07.18"]
[Round "6.9"]
[White "Biolek,R1"]
[Black "Vorobiov,E"]
[Result "0-1"]
[WhiteElo "2399"]
[BlackElo "2585"]

1.d4 Nf6 2.c4 g6 3.Nc3 Bg7 4.e4 d6 5.Nf3 O-O 6.Be2 Nbd7 7.O-O e5 8.Be3 Re8
9.d5 Nh5 10.b4 a5 11.a3 Nf4 12.c5 axb4 13.axb4 Rxa1 14.Qxa1 Nxe2+ 15.Nxe2 Bf8
16.Rc1 Nf6 17.Bg5 Bg4 18.Ng3 Bxf3 19.gxf3 h6 20.Be3 Qd7 21.c6 bxc6 22.Rxc6 Rb8
23.Qa7 Rxb4 24.Rxc7 Qh3 25.Rb7 Rxb7 26.Qxb7 h5 27.Qa6 h4 28.Qf1 Qd7 29.Ne2 Nh5
30.Kh1 Kh7 31.Bg5 Be7 32.Be3 Qb5 33.Kg1 Qb3 34.Nc1 Qa4 35.Qd3 Bf8 36.Qb3 Qa5
37.Kf1 Qa6+ 38.Qd3 Qa1 39.Qd2 Qa6+ 40.Qd3 Qc8 41.Qd2 Qh3+ 42.Kg1 Qxf3 43.Qc2 h3
44.Kf1 Ng3+ 45.Ke1 Nxe4 46.Qc8 Bh6  0-1

[Event "28th Gniot Mem 2013"]
[Site "Police POL"]
[Date "2013.07.18"]
[Round "9.9"]
[White "Chojnacki,K"]
[Black "Perske,Thore"]
[Result "1-0"]
[WhiteElo "2442"]
[BlackElo "2158"]

1.d4 Nf6 2.c4 g6 3.Nc3 Bg7 4.e4 d6 5.Nf3 O-O 6.Be2 e5 7.Be3 Nbd7 8.O-O Ng4
9.Bg5 f6 10.Bc1 c6 11.d5 c5 12.Nb5 Qe7 13.Nc7 Rb8 14.Ne6 Re8 15.Ne1 Nh6 16.Nd3 Nf8
17.Nxg7 Kxg7 18.b4 b6 19.Rb1 Bd7 20.Qb3 Qd8 21.Qa3 Qc7 22.Bd2 Nf7 23.bxc5 bxc5
24.Ba5 Qc8 25.Bc3 Qc7 26.Rb3 f5 27.exf5 Bxf5 28.f4 Nd7 29.Nf2 Kg8 30.Bg4 Bxg4
31.Nxg4 h5 32.fxe5 Rxb3 33.axb3 hxg4 34.e6 Nfe5 35.exd7 Qxd7 36.Qc1 Qe7 37.Qh6 Qg7
38.Qxg7+ Kxg7 39.Ra1 Re7 40.Ra6 Rd7 41.Rxd6  1-0

[Event "22nd Open ch-MKD"]
[Site "Struga MKD"]
[Date "2013.07.18"]
[Round "6.3"]
[White "Jacimovic,D"]
[Black "Veleski,R"]
[Result "1/2-1/2"]
[WhiteElo "2429"]
[BlackElo "2262"]

1.d4 Nf6 2.c4 g6 3.Nc3 Bg7 4.e4 d6 5.Nf3 O-O 6.Be2 Nbd7 7.O-O e5 8.d5 Nc5
9.Qc2 a5 10.Bg5 h6 11.Be3 Nh5 12.g3 b6 13.Ne1 Bh3 14.Ng2 Qd7 15.Bxh5 gxh5
16.Qe2 f5 17.exf5 Rxf5 18.f3 Raf8 19.Bxc5 bxc5 20.Ne4 h4 21.Nxh4 Bxf1 22.Rxf1 R5f7
23.g4 Qa4 24.a3 Rb8 25.Rf2 Qb3 26.Nf5 Rb7 27.Kg2 Qa2 28.Nc3 Qa1 29.Qd2 e4
30.fxe4 Rf8 31.Nb5 Rbb8 32.g5 Qb1 33.Qf4 hxg5 34.Qxg5 Qxe4+ 35.Kh3 Qe5 36.Rf4 Rxf5
37.Qxf5 Qe7 38.Re4 Qf6 39.Qxf6 Bxf6 40.a4 Kf7 41.b3 Kg6 42.Kg4 Rh8 43.Re2 Rh4+
44.Kg3 Kg5 45.Nxc7 Rg4+ 46.Kf3 Rh4 47.Ne6+ Kf5 48.Rf2 Be5 49.Ke2+ Kg4 50.Rg2+ Kf5
51.Ng5 Bxh2 52.Nf3 Re4+ 53.Kd3 Bf4 54.Nh4+ Ke5 55.Ng6+ Kf5 56.Nxf4 Rxf4 57.Re2 Rd4+
58.Kc3 Re4 59.Rh2 Re3+ 60.Kb2 Rg3 61.Re2 Rg8 62.Re6 Rd8 63.Kc3 Kf4 64.Re7 Ra8
65.Rb7 Ke4 66.Rb6 Ke5 67.Kd3 Ra7 68.Ke3 Rh7 69.Kf3 Rh3+ 70.Kg4 Rh1 71.Kg5 Rg1+
72.Kh6 Rg3 73.Kh7 Rg1 74.Kh6 Rg2 75.Kh5 Rg1 76.Kh4 Kf4 77.Kh3 Kf3 78.Kh2 Rg2+
79.Kh1 Rg6 80.Rb8 Kf4 81.Rf8+ Ke5 82.Rf3 Ke4 83.Rh3 Kd4 84.Rf3 Rg4 85.Kh2 Rg6
86.Kh1 Ke4 87.Rh3 Kf4 88.Kh2  1/2-1/2

[Event "Yinzhou Cup CHN-USA"]
[Site "Ningbo CHN"]
[Date "2013.07.19"]
[Round "1.4"]
[White "Lenderman,A"]
[Black "Zhou Weiqi"]
[Result "1/2-1/2"]
[WhiteElo "2548"]
[BlackElo "2616"]

1.Nf3 Nf6 2.c4 g6 3.Nc3 Bg7 4.e4 d6 5.d4 O-O 6.Be2 e5 7.O-O exd4 8.Nxd4 Re8
9.f3 Nc6 10.Be3 Nh5 11.Qd2 Nf4 12.Rfd1 Nxd4 13.Bxd4 Bxd4+ 14.Qxd4 Nxe2+ 15.Nxe2 b6
16.Nc3 Bb7 17.Nd5 Bxd5 18.cxd5 Qg5 19.Rac1 Re7 20.Qd2 Qe5 21.Rc4 b5 22.Rc6 f5
23.exf5 Qxf5 24.Rdc1 Qf7 25.Qd4 Rae8 26.R1c2 a5 27.h4 a4 28.Kh2 Rf8 29.Kg3 h6
30.Kf2 Qf4 31.Qxf4 Rxf4 32.Kg3 Rb4 33.R6c3 Kf8 34.Rd2 g5 35.hxg5 hxg5 36.a3 Rf4
37.Rdc2 Rd4 38.Rxc7 Rxd5 39.Rc8+ Kg7 40.Rb8 Kf6 41.Kf2 Ree5 42.Re2 Rc5 43.Rxe5 Rxe5
44.g3 Ke7 45.f4 gxf4 46.gxf4 Rc5 47.Kf3 Ke6 48.Kg4 Kf6 49.Rb7 Rd5 50.Rb8 Rc5
51.Kf3 Kf5 52.Ke3 Ke6 53.Kd3 Kd7 54.Rg8 Rc4 55.Rf8 Ke7 56.Rf5 Ke6 57.Rf8  1/2-1/2

[Event "28th Avoine Open"]
[Site "Avoine FRA"]
[Date "2013.07.20"]
[Round "1.20"]
[White "Goettelmann,G"]
[Black "Perrin,G"]
[Result "0-1"]
[WhiteElo "2058"]
[BlackElo "2306"]

1.d4 Nf6 2.Nf3 g6 3.c4 Bg7 4.Nc3 O-O 5.e4 d6 6.Be2 e5 7.O-O Na6 8.Be3 Ng4
9.Bg5 Qe8 10.c5 f6 11.Bh4 exd4 12.Nxd4 dxc5 13.Nb3 f5 14.exf5 gxf5 15.h3 Nf6
16.Re1 Qf7 17.Na5 Kh8 18.Bc4 Qg6 19.Qf3 Nb4 20.Rac1 Ne4 21.Be7 Re8 22.Nxe4 fxe4
23.Rxe4 Bf5 24.Re2 b6 25.Nb3 Nd3 26.g4 Nxc1 27.Nxc1 Bd7 28.Nd3 Bc6 29.Qf4 Rad8
30.Ne5 Qb1+ 31.Kh2 Qh1+ 32.Kg3 Qg2+ 33.Kh4 Rxe7 34.Ng6+ hxg6 35.Rxe7 Qf3  0-1

[Event "ch-AUT 2013"]
[Site "Feldkirch AUT"]
[Date "2013.07.20"]
[Round "1.20"]
[White "Uksini,Bardhyl"]
[Black "Mittelberger,P"]
[Result "1/2-1/2"]
[WhiteElo "1969"]
[BlackElo "2246"]

1.Nf3 g6 2.d4 Bg7 3.c4 Nf6 4.Nc3 O-O 5.e4 d6 6.Be2 Nbd7 7.O-O e5 8.d5 a5
9.Qc2 Nc5 10.Be3 Ng4 11.Bxc5 dxc5 12.h3 Nh6 13.Rad1 f5 14.Nb5 Nf7 15.Bd3 Nd6
16.a3 Bd7 17.Rfe1 f4 18.b4 axb4 19.axb4 cxb4 20.Qb3 g5 21.Qxb4 Nxb5 22.cxb5 h5
23.d6 c6 24.bxc6 bxc6 25.Bc4+ Kh8 26.Qb7 Bf6 27.Ra1 Rb8 28.Qc7 Rc8 29.Qb7 Rb8
30.Qc7 Rc8  1/2-1/2

[Event "Horsens Lang Weekend 2013"]
[Site "Horsens DEN"]
[Date "2013.07.20"]
[Round "5.8"]
[White "Jorgensen,BJ"]
[Black "Thogersen,Rasmus"]
[Result "1-0"]
[WhiteElo "2248"]
[BlackElo "2043"]

1.d4 Nf6 2.c4 g6 3.Nc3 Bg7 4.e4 d6 5.Nf3 O-O 6.Be2 e5 7.O-O exd4 8.Nxd4 Re8
9.f3 c6 10.Kh1 Nh5 11.g4 Nf6 12.Bf4 h5 13.g5 Nh7 14.Qd2 Na6 15.Rad1 Nc5 16.Rg1 a5
17.Nc2 Ne6 18.Be3 a4 19.f4 Qa5 20.Bf3 Nc5 21.Qxd6 Bxc3 22.Bxc5 Bxb2 23.Bb4 Qb6
24.Bxh5 Be6 25.Be2 Qf2 26.Rg2 Qh4 27.Be1 Qh3 28.Rg3 Qh4 29.Re3  1-0

[Event "Lueneburg GM 2013"]
[Site "Lueneburg GER"]
[Date "2013.07.20"]
[Round "6.2"]
[White "Lubbe,N"]
[Black "Bitan,B"]
[Result "0-1"]
[WhiteElo "2451"]
[BlackElo "2295"]

1.Nf3 Nf6 2.c4 g6 3.Nc3 Bg7 4.e4 d6 5.d4 O-O 6.Be2 e5 7.Be3 Ng4 8.Bg5 f6
9.Bh4 g5 10.Bg3 Nh6 11.d5 Nd7 12.Nd2 f5 13.exf5 Nxf5 14.Nde4 h6 15.O-O Nf6
16.c5 Nd4 17.cxd6 cxd6 18.Nxf6+ Qxf6 19.Bd3 g4 20.Rc1 h5 21.Ne4 Qd8 22.h4 Bh6
23.Rc4 Nf5 24.Qc2 Bd7 25.Nxd6 Nxg3 26.fxg3 Qb6+ 27.Kh2 Rxf1 28.Bxf1 Qxd6
29.Rc7 Rf8 30.Bb5 Bf5 31.Qc3 Rf7 32.Rxf7 Kxf7 33.Bd3 e4 34.Bc2 Bg7 35.Qe3 Be5
36.Qf2 Qf6 37.Qxa7 Qxh4+ 38.Kg1 Qxg3 39.Qxb7+ Bc7 40.Kf1 e3  0-1

[Event "ch-AUT 2013"]
[Site "Feldkirch AUT"]
[Date "2013.07.21"]
[Round "2.8"]
[White "Schachinger,M"]
[Black "Matt,F"]
[Result "1-0"]
[WhiteElo "2401"]
[BlackElo "2233"]

1.d4 Nf6 2.c4 g6 3.Nc3 Bg7 4.e4 d6 5.Nf3 O-O 6.Be2 Nbd7 7.O-O e5 8.Be3 c6
9.d5 c5 10.Ne1 Ne8 11.Nc2 f5 12.exf5 gxf5 13.f4 e4 14.Bf2 Ndf6 15.Ne3 Kh8
16.Kh1 Rg8 17.Bh4 Qd7 18.Qe1 Qf7 19.Qf2 Bd7 20.h3 Bh6 21.Rg1 Nh5 22.g3 a6
23.a4 Rc8 24.Raf1 Rc7 25.Bg5 Bxg5 26.fxg5 f4 27.gxf4 Bxh3 28.Qh4 Bxf1 29.Bxh5 Qg7
30.Rxf1 Qd4 31.Qf2 Ng7 32.Bg4 Rf7 33.Rd1 Qe5 34.fxe5 Rxf2 35.Nxe4 Rxb2 36.Nf6 Rb8
37.exd6 b5 38.cxb5 axb5 39.axb5 R2xb5 40.d7  1-0

[Event "ch-AUT 2013"]
[Site "Feldkirch AUT"]
[Date "2013.07.21"]
[Round "2.2"]
[White "Baumegger,S"]
[Black "Groetz,H"]
[Result "1/2-1/2"]
[WhiteElo "2473"]
[BlackElo "2319"]

1.d4 Nf6 2.c4 g6 3.Nc3 Bg7 4.Nf3 O-O 5.e4 d6 6.Be2 e5 7.O-O Na6 8.Re1 c6
9.Be3 exd4 10.Nxd4 Nc5 11.f3 a5 12.Nb3 Nxb3 13.axb3 Re8 14.Qd2 Nh5 15.g4 Be5
16.gxh5 Bxh2+ 17.Kh1 Re5 18.Bf4 Rxh5 19.Bxh2 Rxh2+ 20.Kxh2 Qh4+ 21.Kg1 Qg3+
22.Kh1 Qh3+ 23.Kg1 Qg3+ 24.Kh1  1/2-1/2

[Event "36th Taminco Open"]
[Site "Ghent BEL"]
[Date "2013.07.21"]
[Round "4.7"]
[White "Docx,S"]
[Black "Sadikhov,U"]
[Result "1/2-1/2"]
[WhiteElo "2488"]
[BlackElo "2222"]

1.d4 d6 2.Nf3 Nf6 3.c4 g6 4.Nc3 Bg7 5.e4 O-O 6.Be2 Nbd7 7.O-O e5 8.Qc2 exd4
9.Nxd4 Nc5 10.Rd1 Qe7 11.f3 Ne6 12.Be3 Nxd4 13.Bxd4 Be6 14.Bf1 Nd7 15.Qd2 Ne5
16.f4 c5 17.Bf2 Nxc4 18.Qc2 Qf6 19.Bxc4 Bxc4 20.e5 Qxf4 21.exd6 b6  1/2-1/2

[Event "Corporation Cup 2013"]
[Site "Izhevsk RUS"]
[Date "2013.07.21"]
[Round "9.2"]
[White "Kovalenko,I"]
[Black "Fedorov,Alex"]
[Result "1/2-1/2"]
[WhiteElo "2621"]
[BlackElo "2578"]

1.d4 Nf6 2.c4 g6 3.Nc3 Bg7 4.e4 d6 5.Be2 O-O 6.Nf3 Nbd7 7.O-O e5 8.Re1 Re8
9.Bf1 a6 10.Rb1 exd4 11.Nxd4 c6 12.Bg5 Qc7 13.Rc1 h6 14.Bf4 Ne5 15.h3 b6
16.b4 Bb7 17.Qd2 Kh7 18.a4 c5 19.Nc2 cxb4 20.Nxb4 Nfd7 21.Nbd5 Qd8 22.Rb1 Rc8
23.Qa2 g5 24.Bg3 h5 25.Be2 g4 26.hxg4 hxg4 27.Red1 Re6 28.Ne3 Qg5 29.Nf5 Rh8
30.Nd5 Kg8 31.Qa3 Bxd5 32.cxd5 Reh6 33.f4 gxf3 34.Bxf3 Rg6 35.Kf2 Nc4 36.Qc1 Be5
37.Qxg5 Rxg5 38.Be2 Nc5 39.Kf3 Rxg3+ 40.Nxg3 Nb2 41.Rxb2 Bxb2 42.Rb1 Be5
43.Nf5 Nxa4 44.Bxa6 Kh7 45.Rb4 Nc5 46.Rxb6 Ra8 47.Be2 Ra3+ 48.Kg4 Nxe4 49.Bf3 Ra4
50.Bxe4 Rxe4+ 51.Kg5 Re2 52.g3 Rg2 53.Rb7 Bxg3 54.Rxf7+ Kg8 55.Nh6+ Kh8 56.Ng4 Kg8
57.Rf3 Be5 58.Kf5 Kf7 59.Ra3 Ke7 60.Ra7+ Kd8 61.Rh7 Re2 62.Rb7  1/2-1/2

[Event "Corporation Cup 2013"]
[Site "Izhevsk RUS"]
[Date "2013.07.21"]
[Round "9.7"]
[White "Demidov,M"]
[Black "Kokarev,Dm"]
[Result "1-0"]
[WhiteElo "2465"]
[BlackElo "2630"]

1.d4 g6 2.Nf3 Nf6 3.c4 Bg7 4.Nc3 O-O 5.e4 d6 6.Be2 e5 7.d5 Na6 8.Bg5 h6 9.Bh4 g5
10.Bg3 Nh5 11.h4 Nxg3 12.fxg3 gxh4 13.Nxh4 Qg5 14.g4 Bf6 15.Qd2 Qxd2+ 16.Kxd2 Bg5+
17.Kc2 Nb4+ 18.Kb3 a5 19.a3 Na6 20.Kc2 Nc5 21.Bf3 a4 22.Rad1 Bd7 23.Nf5 Bxf5
24.gxf5 Kg7 25.Nb5 Rac8 26.Rhf1 Kf6 27.Rf2 Rg8 28.Kb1 Rgd8 29.Re2 c6 30.Nc3 Ra8
31.Rc2 Ra5 32.Na2 Raa8 33.Nb4 Rac8 34.Nd3 Nb3 35.Nf2 Nd4 36.Ng4+ Kg7 37.f6+ Bxf6
38.Nxf6 Kxf6 39.Rf2 Ke7 40.Bg4 Rc7 41.Rdf1 Rf8 42.c5 dxc5 43.Rf6 Nb5 44.Rxh6 Nd6
45.Rxd6 Kxd6 46.Rf6+ Ke7 47.d6+ Kxf6 48.dxc7 Ke7 49.c8=Q Rxc8 50.Bxc8 b5
51.Kc2 Kd6 52.Kc3 Kc7 53.Bg4 Kb6 54.Bh5 f6 55.Bd1 Ka5 56.Bc2 Ka6 57.Bxa4  1-0

[Event "7th LCT 2013"]
[Site "Leiden NED"]
[Date "2013.07.21"]
[Round "9.17"]
[White "Wantola,I"]
[Black "Van der Meer,K"]
[Result "1-0"]
[WhiteElo "2374"]
[BlackElo "2039"]

1.Nf3 Nf6 2.c4 g6 3.Nc3 Bg7 4.e4 d6 5.d4 O-O 6.Be2 Nbd7 7.O-O e5 8.Be3 Re8
9.d5 Nh5 10.g3 Bf8 11.Ne1 Ng7 12.Qd2 a5 13.b3 f5 14.f3 Be7 15.Nd3 b6 16.a3 Nc5
17.Rab1 Rf8 18.b4 Nxd3 19.Bxd3 f4 20.gxf4 Bh3 21.Rf2 axb4 22.axb4 Bh4 23.fxe5 Bxf2+
24.Qxf2 Ra3 25.Rc1 dxe5 26.c5 bxc5 27.bxc5 Nh5 28.Bc4 Nf4 29.Qg3 Qc8 30.c6 Qa8
31.d6+ Kg7 32.Qg5 cxd6 33.Qe7+ Kh6 34.Qxd6 Ra1 35.Ne2 Qa3 36.Qxa3 Rxa3 37.Bc5 Rxf3
38.Bxf8+  1-0